000 02196nam a22003137a 4500
005 20110728165839.0
010 _aB-435883-887
020 _a8182634083
_c20.00
035 _aB-435883-887
037 _bब्ल्यूबेरी बुक्स
082 _a
100 _aजायसवाल, संजीव 'संजय'
_931166
245 _aपहलवान जी /
_cसंजीव जायसवाल 'संजय'; अजीत नारायण द्वारा चित्रांकित
246 _aPahalwan ji
_bby Sanjeev Jayaswal 'Sanjay'
250 _a3रा हिन्दी संस्क.
260 _aनई दिल्ली
_bप्रथम बुक्स
_c2010
270 _a633-634, 4th "C" Main, 6th 'B' Cross, OMBR Layout, Banaswadi,
_bBangalore
_e560043
_k+91 11 41042483
300 _aअ.पृ.
_bसचित्र
_c18सेमी (अजिल्द)
700 _928835
_aअजीत नारायण
700 _928836
700 _930368
942 _2ddc
_cCH
_h
_mजायस
999 _c54545
_d54545